Sports Quiz

Random Sports or Hockey Quiz

Sochi 2014 Canadian Gold Medal Hockey Team - Men's Quiz Stats

 Plays Quiz not verified by Sporcle

Challenge
Share
Tweet
Score 0/25 Timer 04:00
0 Plays Today
% Correct
Price (G)
91.1%
Getzlaf (F)
91.1%
Toews (F)
89.1%
Subban (D)
88.1%
Perry (F)
87.1%
Luongo (G)
86.1%
Crosby (F)
86.1%
Smith (G)
85.1%
Tavares (F)
85.1%
Doughty (D)
83.2%
Duchene (F)
82.2%
Marleau (F)
82.2%
Bergeron (F)
81.2%
% Correct
Benn (F)
80.2%
Carter (F)
79.2%
Weber (D)
78.2%
Keith (D)
77.2%
Sharp (F)
77.2%
Kunitz (F)
77.2%
St-Louis (F)
74.3%
Nash (F)
73.3%
Bouwmeester (D)
71.3%
Hamhuis (D)
66.3%
Pietrangelo (D)
64.4%
Vlasic (D)
54.5%

You're not logged in!

Compare scores with friends on all Sporcle quizzes.
Join for Free
OR
Log In

You Might Also Like...

Show Comments

Extras

Top Quizzes Today


Score Distribution

Your Account Isn't Verified!

In order to create a playlist on Sporcle, you need to verify the email address you used during registration. Go to your Sporcle Settings to finish the process.

Report this User

Report this user for behavior that violates our Community Guidelines.

Details: